000 00460nam a2200169Ia 4500
005 20250508152450.0
008 008 250505s9999 xx 000 0 eng d
037 _aTextual
040 _aFEDL
_beng
_cFEDL
041 _aeng
_2eng
084 _aB, TAL
_qFEDL
245 0 _aLev Tolstoi : Childhood boyhood youth
260 _aMoscow
_bForeign Languages Publishing House
300 _a413p.
942 _cTEXL
_hB, TAL
999 _c1336592
_d1336592